000 00424nam a2200133Ia 4500
008 260210s9999 xx 000 0 und d
024 _a14B-81-BS, 14B-78-BS & 14B-115-BS
082 _a005.072 ABD
100 _aAbdul Ghani, Syed Mohsin Sajjad & Zubair Ahmed Khan
245 0 _aSmart Weding Planner
260 _aKarachi:
_bUITU,
_c2014
600 _aComputer Science
650 _aBachelor of Computer Science (BS)
999 _c32304
_d32304